Eutanasia : un reto a la conciencia / [por] Marciano Vidal

Zapisane w:
Opis bibliograficzny
1. autor: Vidal, Marciano (autor)
Format: Książka
Seria:Col. "Para el Debate Moral" (1)
Hasła przedmiotowe:
Etykiety: Dodaj etykietę
Nie ma etykietki, Dołącz pierwszą etykiete!

MARC

LEADER 00000nam^a2200000^u^4500
001 000544106
005 20250521000000.0
008 060220s1000^^^^^^^^^^^^r^^^^^000^0^spa^d
009 20260310131320.634
035 |a FMI 000013185 
037 |a Acervo Xavier Clavigero 
096 |a 5.7.3/40/C 
100 |a Vidal, Marciano  |e (autor) 
245 1 0 |a Eutanasia : un reto a la conciencia / [por] Marciano Vidal 
264 |a Madrid : San Pablo, 1994 
300 |a 159 p. 
336 |a texto  |b txt  |2 rdacontenido 
337 |a sin mediación  |b n  |2 rdamedio 
338 |a volumen  |b nc  |2 rdasoporte 
440 0 |a Col. "Para el Debate Moral" (1) 
649 |a XX 
650 |a BIOETICA 
910 |a Fondo Francisco Migoya Covarrubias S.J. 
920 |a Impresos - Libros 
930 |a Fondos Especiales 
905 |a 134 
901 |a SBC16947  |b IT2  |c ESP  |u 20250521 
902 |a https://opac.biblio.iteso.mx/vufind/Record/000544106